Au bout de ma langue (Record no. 14045)

MARC details
010 ## - Numéro international normalisé du livre (ISBN)
ISBN 9782846817899
Disponibilité et/ou prix 10 EUR
099 ## - Visibilité opac
notice masquée en opac Non
100 ## - Données générales de traitement
Données générales de traitement 20260318d a y0frey50 ba
101 0# - Langue de la ressource
Langue du texte, de la bande son, etc. français
102 ## - Pays de publication ou de production
Pays de publication France
200 1# - Titre et mention de responsabilité
Titre propre Au bout de ma langue
Indication générale du type de document
214 #0 - Mentions de production, publication, diffusion et manufacture
Nom de l’éditeur Editions Les Solitaires Intempestifs
Date de publication DL 2026
214 #3 - Mentions de production, publication, diffusion et manufacture
Nom de l’éditeur Impr. Présence graphique
215 ## - Description physique
Nombre de pages 1 vol. (66 p.)
225 1# - Collection
Titre de la collection Jeunesse
323 ## - Nombre de personnages
Texte de la note 4 personnages
330 ## - Résumé ou extrait
Texte de la note Taym à 9 ans lorsqu il arrive en France, fuyant la violence de son pays. Avec ses parents, il a quitté sa culture, ses racines, sa langue. Alors quand il arrive ici, le français, partout, tout le temps, autour de lui, ça fait comme du bruit. Jamais des phrases, jamais du sens, juste du bruit. Un jour, Taym ferme sa bouche à triple tours et se tait. Parler, pour quoi faire ? De toute façon, personne ne le comprendrait. Face au mutisme du petit garçon, son père, sa mère, sa grand-mère, ses camarades, son maître puis une maîtresse tentent de l accompagner. Chacun à leur manière, ils le guident sur le chemin d une nouvelle langue qui viendrait s additionner à l ancienne, sans la remplacer. « Au bout de ma langue » explore la question des ailleurs sous un autre angle : celui des bouleversements symboliques, imaginaires, culturels liés à l installation dans un nouveau pays. Par delà des questions juridiques et administratives, comment un pays fait-il sien des citoyens et des citoyennes venus d ailleurs ? Comment s installe-t-on ici, « chez nous » ?
610 ## - Mot-clé
Mot-clé identité
-- migration
-- exil
700 ## - Auteur principal
Nom Grangeat
Prénom Simon
105 ## - Zone de données codées : textes, monographies
Données codées sur les monographies textuelles ||||z 00|||
181 #0 - Zone de données codées : Forme de la ressource
Données de liaison entre champs 01
Forme du contenu selon l’ISBD sous forme codée i
Qualificatif(s) du contenu selon l’ISBD sous forme codée xxxe
181 ## - Zone de données codées : Forme de la ressource
Données de liaison entre champs 02
Autre référentiel utilisé pour coder la forme du contenu texte
Code du référentiel rdacontent
182 #0 - Zone de données codées : type de média
Données de liaison entre champs 01
Type de médiation selon l’ISBD sous forme codée sans média
182 ## - Zone de données codées : type de média
Données de liaison entre champs 02
Autre référentiel utilisé pour coder le type de médiation sans média
Code du référentiel rdamedia
214 #0 - Mentions de production, publication, diffusion et manufacture
Lieu de publication, production, distribution/diffusion, fabrication Besançon
214 #3 - Mentions de production, publication, diffusion et manufacture
Lieu de publication, production, distribution/diffusion, fabrication 37-Monts
215 ## - Description physique
Dimensions 18 cm
700 ## - Auteur principal
Eléments ajoutés aux noms autres que les dates Auteur du texte
801 #0 - Origine de la notice
Pays FR
Agence de catalogage FR-751131015
Date de la transaction 20260318
Règles de catalogage utilisées AFNOR
Identifiant d'origine FRBNF487317580000001
Code du format utilisé intermrc
856 #2 - Adresse électronique et mode d’accès
Uniform Resource Identifier 1191060
Numéro d'accès Première de couverture
856 #2 - Adresse électronique et mode d’accès
Uniform Resource Identifier 1191086
Numéro d'accès Quatrième de couverture
000 -Etiquette de la notice
Leader 02185nam a2200397 4500
003 - Identifiant de la notice
Identifiant http://catalogue.bnf.fr/ark:/12148/cb48731758w
005 - Identifiant de la version
Identifiant 20260326103702.0
073 #0 - EAN
Numéro normalisé 9782846817899
Holdings
Exclu du prêt Date de création Site actuel Code barre Date prix de remplacement Cote Statut Site de rattachement Type de document Koha
  26.03.2026 Théâtre Joliette JOL-007745 26.03.2026 TH GRA 4   Théâtre Joliette Livre